000 01301cam a2200385 4500
999 _c372111
_d372111
001 1808027027
003 DE-627
005 20230112100415.0
007 tu
008 220628s2022 gw ||||| 00| ||ger c
035 _a(DE-627)1808027027
035 _a(DE-599)KXP1808027027
035 _a(OCoLC)1333944367
040 _aDE-627
_bger
_cDE-627
_erda
_dDE-2950
041 _ager
044 _cXA-DE
084 _a06.90
_2bkl
084 _a73.90
_2bkl
245 1 0 _aArbeit im Wandel
264 1 _aBerlin:
_bSelbstverlag des Geheimen Staatsarchivs PK,
_c2022.
300 _a106 Seiten:
_bIllustrationen (farbig und schwarz-weiß)
336 _aText
_btxt
_2rdacontent
337 _aohne Hilfsmittel zu benutzen
_bn
_2rdamedia
338 _aBand
_bnc
_2rdacarrier
490 1 _aJahresheft des Geheimen Staatsarchivs Preußischer Kulturbesitz
_v2 (2022)
653 _aGeheimes Staatsarchiv Preußischer Kulturbesitz Berlin
653 _aErschließung
653 _aDigitalisierung
653 _aElektronische Akte
951 _aBO
810 2 _aGeheimes Staatsarchiv Preußischer Kulturbesitz
_tJahresheft des Geheimen Staatsarchivs Preußischer Kulturbesitz
_v2 (2022)
_92022,2
_w(DE-627)1735360023
_w(DE-600)3041344-8
_x2702-2846
936 b k _a06.90
936 b k _a73.90
942 _2z
_cB